=LDR 00000nam 2200000 4500 =001 INLIS000000000019286 =005 20130612114352 =008 ***********************************Ind** =035 ##$$0010-061300000019286 =041 ##$$a Ind =082 ##$$a 610.695 3 =090 ##$$a 610.695 3, Kus s =100 ##$$a Kusmaryanto, CB =245 ##$$a Stem sel, Sel abadi dengan seribu janji terapi, CB Kusumaryanto =260 ##$$a 2005 $b Jakarta =300 ##$$a xvi, 103 hlm, ilus, 21 cm =650 ##$$a Teknisi Kedokteran =850 ##$$a NBPNMAT